000 00699cab a2200205 4500
001 ABS43148
008 090401t1990 xxu||||| |||| 00| 0 eng d
035 _a(Sirsi) u40577
041 _aeng
100 _aDean, R.
245 3 _aAn American nightmare
260 _c1990
350 _a0
490 _aContract Journal
_v356(5785) 30 August 1990, 5
520 _aTells of the disillusionment with the litigious UK construction industry . North American curtain walling companies, which came to the UK during the 1980s with management contracting methods, intend to go elsewhere.
650 _aUSA
690 _aBUILT ENVIRONMENT-BUILDING CONTRACT FORMS
942 _n0
948 _c04/03/1997
999 _c25994
_d25994